Impacts of K-fading on the performance of massive MIMO systems; Electronics Letters; Vol. 54, iss. 1
| Parent link: | Electronics Letters Vol. 54, iss. 1.— 2018.— [P. 49-51] |
|---|---|
| Müşterek Yazar: | |
| Diğer Yazarlar: | , , , |
| Özet: | Title screen Massive multiple-input multiple-output (MIMO) has been identified as a key technology for next generation cellular systems. The performance of a multi-cellular system with large antenna arrays at the base station and single antenna user terminals, operating under a composite fading-shadowing environment are considered. The outage probability of the considered system is evaluated for the uplink transmission that uses a maximum ratio combining receiver. Режим доступа: по договору с организацией-держателем ресурса |
| Dil: | İngilizce |
| Baskı/Yayın Bilgisi: |
2018
|
| Konular: | |
| Online Erişim: | https://doi.org/10.1049/el.2017.3701 |
| Materyal Türü: | Elektronik Kitap Bölümü |
| KOHA link: | https://koha.lib.tpu.ru/cgi-bin/koha/opac-detail.pl?biblionumber=661414 |
MARC
| LEADER | 00000naa0a2200000 4500 | ||
|---|---|---|---|
| 001 | 661414 | ||
| 005 | 20250415150647.0 | ||
| 035 | |a (RuTPU)RU\TPU\network\31872 | ||
| 035 | |a RU\TPU\network\18704 | ||
| 090 | |a 661414 | ||
| 100 | |a 20191213d2018 k||y0rusy50 ba | ||
| 101 | 0 | |a eng | |
| 135 | |a drcn ---uucaa | ||
| 181 | 0 | |a i | |
| 182 | 0 | |a b | |
| 200 | 1 | |a Impacts of K-fading on the performance of massive MIMO systems |f M. T. Mushtaq [et al.] | |
| 203 | |a Text |c electronic | ||
| 300 | |a Title screen | ||
| 330 | |a Massive multiple-input multiple-output (MIMO) has been identified as a key technology for next generation cellular systems. The performance of a multi-cellular system with large antenna arrays at the base station and single antenna user terminals, operating under a composite fading-shadowing environment are considered. The outage probability of the considered system is evaluated for the uplink transmission that uses a maximum ratio combining receiver. | ||
| 333 | |a Режим доступа: по договору с организацией-держателем ресурса | ||
| 461 | |t Electronics Letters | ||
| 463 | |t Vol. 54, iss. 1 |v [P. 49-51] |d 2018 | ||
| 610 | 1 | |a электронный ресурс | |
| 610 | 1 | |a труды учёных ТПУ | |
| 701 | 1 | |a Mushtaq |b M. T. | |
| 701 | 1 | |a Hassan |b S. A. | |
| 701 | 1 | |a Saleem |b S. | |
| 701 | 1 | |a Dzhayakodi (Jayakody) Arachshiladzh |b D. N. K. |c specialist in the field of electronics |c Professor of Tomsk Polytechnic University |f 1983- |g Dushanta Nalin Kumara |3 (RuTPU)RU\TPU\pers\37962 |9 20606 | |
| 712 | 0 | 2 | |a Национальный исследовательский Томский политехнический университет |b Инженерная школа информационных технологий и робототехники |c (2017- ) |3 (RuTPU)RU\TPU\col\23514 |
| 801 | 2 | |a RU |b 63413507 |c 20191213 |g RCR | |
| 850 | |a 63413507 | ||
| 856 | 4 | |u https://doi.org/10.1049/el.2017.3701 | |
| 942 | |c CF | ||